Available copies
- 3 of 4 copies available at LARL/NWRL Consortium.
- 1 of 2 copies available at Lake Agassiz Regional Library. (Show preferred library)
Current holds
1 current hold with 4 total copies.
Show Only Available Copies
| Location | Call Number / Copy Notes | Barcode | Shelving Location | Status | Due Date |
|---|---|---|---|---|---|
| Moorhead Public Library | COI (Text) | 33500014057905 | Main | Available | - |
| Moorhead Public Library | COI (Text) | 33500014057913 | Main | Checked out | 07/22/2026 |
| Greenbush Public Library | COI (Text) | 35500006837817 | Main | Available | - |
| Thief River Falls Public Library | COI (Text) | 35500006809162 | Main | Available | - |
Record details
- ISBN: 9780593719602
- ISBN: 0593719603
- Physical Description: 213 pages ; 21 cm.
- Publisher: New York : G. P. Putnam's Sons, [2024]
- Copyright: ©2024.
Content descriptions
| Summary, etc.: | "Henry is a brilliant engineer who, after untold ... Read More |
Search for related items by subject
| Genre: | Science fiction. Horror fiction. Science fiction. Horror fiction. Novels. |
| LDR | 03219cam a22006258i 4500 | ||
|---|---|---|---|
| 001 | 442606 | ||
| 003 | LARL_NWRL_CONSORTIUM | ||
| 005 | 20240913170223.0 | ||
| 008 | 240220t20242024nyu 000 f eng | ||
| 010 | . | ‡a 2023051938 | |
| 040 | . | ‡aDLC ‡beng ‡erda ‡cDLC ‡dOCLCO ‡dBDX ‡dYDX ‡dPCX ‡dOCLCO ‡dIMT ‡dRNL ‡dVP@ ‡dOCLCO ‡dYU6 | |
| 019 | . | ‡a1452965422 | |
| 020 | . | ‡a9780593719602 ‡q(hardcover) | |
| 020 | . | ‡a0593719603 ‡q(hardcover) | |
| 020 | . | ‡z9780593719626 ‡q(ebook) | |
| 035 | . | ‡a(OCoLC)1412184915 ‡z(OCoLC)1452965422 | |
| 042 | . | ‡apcc | |
| 082 | 0 | 0. | ‡a813/.54 ‡223/eng/20240220 |
| 100 | 1 | . | ‡aCoile, Mason, ‡d1968- ‡eauthor. |
| 245 | 1 | 0. | ‡aWilliam / ‡cMason Coile. |
| 264 | 1. | ‡aNew York : ‡bG. P. Putnam's Sons, ‡c[2024] | |
| 264 | 4. | ‡c©2024. | |
| 300 | . | ‡a213 pages ; ‡c21 cm. | |
| 336 | . | ‡atext ‡btxt ‡2rdacontent | |
| 337 | . | ‡aunmediated ‡bn ‡2rdamedia | |
| 338 | . | ‡avolume ‡bnc ‡2rdacarrier | |
| 520 | . | ‡a"Henry is a brilliant engineer who, after untold hours spent in his home laboratory, has achieved the discovery of his career-he has created artificially intelligent consciousness. He calls the half-formed robot William. No one knows about William. Not yet anyway. Henry's agoraphobia keeps him inside the house, and his fixation on William keeps him up in the attic, away from everyone, including his pregnant wife, Lily. When Lily's coworkers show up one day, wanting to finally meet Henry and see their new house, the smartest-of-smart-homes, things start to go wrong. Because William can "talk" to the house, and it turns out he's not a fan of visitors--especially not the man who seems to know Lily a little too well. Soon Henry and Lily discover the security upgrades they wanted to keep danger out are even better at locking people in. William is a clever, twisty, one-sitting read, a timely exploration of our intimate relationship with technology and the enormous responsibility that comes with invention, with parenthood, with marriage"-- ‡cProvided by publisher. | |
| 650 | 0. | ‡aEngineers ‡vFiction. ‡0(LARL_NWRL_CONSORTIUM)169253 | |
| 650 | 0. | ‡aArtificial intelligence ‡vFiction. ‡0(LARL_NWRL_CONSORTIUM)169021 | |
| 650 | 0. | ‡aAgoraphobia ‡vFiction. | |
| 650 | 0. | ‡aHome automation ‡vFiction. | |
| 650 | 0. | ‡aRobots ‡vFiction. ‡0(LARL_NWRL_CONSORTIUM)167147 | |
| 650 | 0. | ‡aPregnancy ‡vFiction. ‡0(LARL_NWRL_CONSORTIUM)174350 | |
| 650 | 0. | ‡aDwellings ‡vFiction. ‡0(LARL_NWRL_CONSORTIUM)164637 | |
| 650 | 0. | ‡aInterpersonal relations ‡vFiction. ‡0(LARL_NWRL_CONSORTIUM)165331 | |
| 655 | 0. | ‡aScience fiction. | |
| 655 | 0. | ‡aHorror fiction. | |
| 655 | 7. | ‡aScience fiction. ‡2lcgft | |
| 655 | 7. | ‡aHorror fiction. ‡2lcgft | |
| 655 | 7. | ‡aNovels. ‡2lcgft | |
| 776 | 0 | 8. | ‡iOnline version: ‡aCoile, Mason, 1968- ‡tWilliam ‡dNew York : G. P. Putnam's Sons, 2024 ‡z9780593719626 ‡w(DLC) 2023051939 |
| 901 | . | ‡a442606 ‡bOCoLC ‡c442606 ‡tbiblio ‡soclc | |

Add to basket
Permalink
Enable Highlighting